000 00461nam a2200169Ia 4500
999 _c21246
_d21246
003 OSt
005 20200703102447.0
008 190216s9999||||xx |||||||||||||| ||und||
020 _a0002090422
040 _coclc
082 _a942
_bTRE/E
100 _aTrevelyan, G M
_93487
245 0 _aEnglish Social History /
_cG M Trevelyan
260 _bSurjeet Pub,
_c1985.
_aDelhi:
300 _a628p
942 _cBK
_2ddc
_h942
_iTRE/E
_k942
_mTRE/E